| 000 | 00402nam a2200157Ia 4500 | ||
|---|---|---|---|
| 008 | 210716s2011 xx 000 0 und d | ||
| 020 | _a9781107618510 | ||
| 041 | _aeng | ||
| 082 | _a658.4012 FRER | ||
| 100 | _aFreeman, R Edward. | ||
| 245 | _aStrategic management. | ||
| 250 | _a1 | ||
| 260 |
_aNew Delhi _bCambridge University Press _c2011 |
||
| 300 | _axii,276 | ||
| 650 | _aStrategic Management | ||
| 999 |
_c208714 _d208714 |
||